Normal view
MARC view
Entry Personal Name
001 - CONTROL NUMBER
- control field: 48073
003 - CONTROL NUMBER IDENTIFIER
- control field: ARRUPE
005 - DATE AND TIME OF LATEST TRANSACTION
- control field: 20190905113314.0
008 - FIXED-LENGTH DATA ELEMENTS
- fixed length control field: 190905|| aca||aabn | a|a d
040 ## - CATALOGING SOURCE
- Original cataloging agency: ARRUPE
- Transcribing agency: ARRUPE
100 ## - HEADING--PERSONAL NAME
- Personal name: Obi, Charles Chukwudi
670 ## - SOURCE DATA FOUND
- Source citation: Work cat.: (ARRUPE): Obi, Charles Chukwudi, Demystifying sexual myths and tackling adolescent pregnancy, 2016